000
00196nam a2200085Ia 4500
008
180219s9999 xx 000 0 und d
100
_a
Agarwal Manoj
245
0
_a
Chanakayniti Sampuran
260
_a
Mathura Pub
260
_c
2011
999
_c
43035
_d
43035